000
00324 a2200157 4500
001
168732
020
_a
040
_c
Magnum
100
_a
Telles, Carlos Queiroz
240
1
0
_a
A marca da serpente
_l
por
245
1
0
_a
A marca da serpente
362
0
_a
1899
440
1
_a
Moderna
697
_a
J/SUSPENSE
942
_c
BK
999
_c
168732
_d
168732